=LDR 00000nam 2200000 4500 =001 NUTBA000000000002723 =005 20140625155931.0 =006 =007 =008 =020 ##$$a 978-979-29-0491-8 =035 ##$$a 0010-061400000000666 =040 ##$$a NBPDMAT =082 ##$$a 635.567 =090 ##$$a 635.567 $b Abd s =100 ##$$a Abdul Kadir =245 ##$$a Seri galeri eksotik philodenron : $b pesona tanaman hias daun ekslusif / $c Abdul Kadir =260 ##$$a Yogyakarta : $b Andi, $c 2008 =300 ##$$a viii, 88 hlm. $c 21 cm. =650 ##$$a Philodendrom =990 ##$$a 21402852